000 00883nam a2200241 i 4500
003 IT-RoINE
005 20160907085645.0
008 120608s2012 sp a r|||| 000 0 spa d
020 _a9788415338604
040 _aSpMaBN
_cIT-RoINE
_dIT-RoINE
100 1 _aChaves Nogales, Manuel,
_d1897-1944
_915172
245 1 0 _aAndalucía roja y "la Blanca Paloma" (y otros reportajes de la república) /
_cManuel Chaves Nogales ; edición del texto, María Isabel Cintas Guillén.
260 _a[Córdoba] :
_bAlmuzara,
_c2012.
300 _a165 p. :
_bil. ;
_c23 cm.
336 _aTexto (visual)
_2isbdcontent
337 _2rdamedia
_aunmediated
338 _2rdacarrier
_avolume
490 1 _aHistoria
651 4 _918684
_aAndalucía (España)
_xHistoria
_y1931-1939 (II República)
700 1 _aCintas Guillén, María Isabel
_918685
830 0 _aHistoria (Almuzara)
_918686
942 _cMTS
999 _c9034
_d9034